| 000 | 00685nam a2200217 i 4500 | ||
|---|---|---|---|
| 001 | 135269 | ||
| 003 | ES-MaACL | ||
| 005 | 20240126063011.0 | ||
| 007 | t| | ||
| 008 | 070713s1945 sp ||||1| spa d | ||
| 080 | _a821.161.1-32"18" | ||
| 100 | 1 |
_aTolstói, Lev, _d1828-1910 _9110489 |
|
| 245 | 1 | 3 |
_aLa muerte de Iván Ilich ; El amo y el servidor / _cpor Lev Nikolaevich Tolstoï ; [traducción directa del ruso por Ida Gorodezki]. |
| 260 |
_a[s.l.] : _b[s.n.], _c[1945] |
||
| 300 |
_a194 p. ; _c20 cm. |
||
| 490 | 1 | _aCol. La quimera | |
| 700 | 1 |
_aGorodezki, Ida. _959202 |
|
| 830 | 0 |
_aCol. La quimera _9187009 |
|
| 852 |
_aES-MaACL _jE-888 _bR.27251 |
||
| 999 |
_c135269 _d135269 |
||